00626nam a2200205Ia 450000500170000000800410001702000180005804000190007604100120009508200170010724500820012426000460020630000320025250400190028463000360030365000160033965100250035570000300038085000100041020220117142744.0131103s9999 xx 000 0 und d a81-7003-245-8 aLoreto College aEnglish a320.954bCHA aPolitics Indiab the state-society interface c[editedby] Rakhahari Chatterji aNew DelhibSouth Asian Publisherscc 2001 a[8],463 p.b ill., diagrams aIncludes index aIndia - Politics and Government aPolitics -  aPolitical Science -  aChatterji, Rakhahari, ed. aLCLIB